Composition du PSG lors de la finale de la ligue des champions 2024/25 - Statistiques

Statistiques générales
  • Ce quiz a été pris 73 fois
  • Le résultat moyen est 12 sur 23
Statistiques - réponses
Poste Numéro Joueur % Correct
Défenseur gauche 25 Nuno Mendes
91%
Buteur 10 Ousmane Dembélé
81%
Ailier droit 14 Désiré Doué
76%
Défenseur gauche 2 Achraf Hakimi
72%
Défenseur central 5 Marquinhos
72%
Milieu de terrain 87 Joao Neves
70%
Gardien de but 1 Gianluigi Donnarumma
69%
Milieu de terrain 17 Vitinha
69%
Entraineur Luis Enrique
63%
Milieu de terrain 8 Fabian Ruiz
61%
Remplacant 29 Bradley Barcola
57%
Remplacant 9 Gonçalo Ramos
50%
Remplacant 21 Lucas Hernandez
50%
Défenseur central 51 Willian Pacho
50%
Remplacant 24 Senny Mayulu
48%
Remplacant 33 Warren Zaïre-Emery
46%
Remplacant 49 Ibrahim Mbaye
41%
Remplacant 4 Lucas Beraldo
39%
Remplacant 19 Lee Kang-in
37%
Ailier gauche 7 Khvicha Kvaratskhelia
33%
Remplacant 6 Presnel Kimpembe
22%
Remplacant 25 Arnau Tenas
17%
Remplacant 39 Matveï Safonov
17%
Aucun quiz correspondant
Distribution des résultats
% des personnes avec chaque résultat
Percentile par nombre de réponses
Votre historique - résultats
Vous n’avez pas pris ce quiz